Estimates of areas under crops in Bombay state 1948 -1949 . (Record no. 517230)

MARC details
000 -LEADER
fixed length control field 00687nam a2200229Ia 4500
003 - CONTROL NUMBER IDENTIFIER
control field OSt
005 - DATE AND TIME OF LATEST TRANSACTION
control field 20220925191116.0
008 - FIXED-LENGTH DATA ELEMENTS--GENERAL INFORMATION
fixed length control field 220923b |||||||| |||| 00| 0 eng d
037 ## - SOURCE OF ACQUISITION
Terms of availability General Book
040 ## - CATALOGING SOURCE
Original cataloging agency RTL
Transcribing agency RTL
Language of cataloging eng
041 ## - LANGUAGE CODE
Source of code eng
Language code of text/sound track or separate title eng
110 ## - MAIN ENTRY--CORPORATE NAME
Corporate name or jurisdiction name as entry element BOMBAY (Govt. of )
245 #0 - TITLE STATEMENT
Title Estimates of areas under crops in Bombay state 1948 -1949 .
260 ## - PUBLICATION, DISTRIBUTION, ETC.
Place of publication, distribution, etc. Bombay
Name of publisher, distributor, etc. Bureau of Economics and statistics
Date of publication, distribution, etc. 1948
300 ## - PHYSICAL DESCRIPTION
Extent 59p
Dimensions cm.
700 ## - ADDED ENTRY--PERSONAL NAME
Personal name BOMBAY (Govt. of )
942 ## - ADDED ENTRY ELEMENTS (KOHA)
Classification part X:8L(J:5) .231.N49 <--N48, H9
Koha item type General Books
Source of classification or shelving scheme Colon Classification (CC)

No items available.

Copyright @ Delhi University Library System